JR特急列車の最短駅間 - Statistics

General Stats
  • This quiz has been taken 272 times
  • The average score is 89 of 170
Answer Stats
列車名 Answer 距離(km) % Correct
ひたち 東京 3.6
82%
湘南 東京 1.9
82%
上野
78%
ときわ 上野 2.2
78%
大阪
78%
大阪
78%
サンダーバード 新大阪 3.8
77%
ひだ 新大阪 3.8
77%
サロベツ 南稚内 2.7
75%
稚内
75%
宗谷 南稚内 2.7
75%
稚内
75%
八王子
74%
北斗 函館 3.4
73%
成田空港
73%
スーパーつがる 新青森 3.9
72%
つがる 新青森 3.9
72%
青森
72%
日暮里
72%
はちおうじ 立川 9.9
72%
青森
72%
五稜郭
70%
しおさい 2.7
70%
しまんと 2.5
70%
あしずり 2.6
70%
スペーシア日光 新宿 4.8
69%
かいじ 甲府 4.5
69%
新橋
69%
青梅
67%
しなの 名古屋 3.3
67%
きのさき 京都 4.2
67%
まいづる 京都 4.2
67%
はしだて 京都 4.2
67%
大宮
66%
神戸
66%
神戸
66%
神戸
66%
富士回遊 富士山 1.4
65%
金山
65%
らくラクはりま 三ノ宮 2.5
65%
はまかぜ 三ノ宮 2.5
65%
スーパーはくと 三ノ宮 2.5
65%
米子
65%
米子
65%
サンライズ瀬戸 岡山 12.9
65%
サンライズ出雲 米子 8.8
65%
成田エクスプレス 空港第2ビル 1.0
65%
東室蘭
64%
池袋
64%
オホーツク 砂川 7.6
63%
滝川
63%
カムイライラック 砂川 7.6
63%
滝川
63%
草津・四万 浦和 6.1
63%
しらさぎ 米原 7.7
63%
らくラクびわこ 草津 2.5
63%
二条
63%
二条
63%
二条
63%
はるか 草津 2.5
63%
竜王
62%
南草津
61%
南草津
61%
児島
61%
長浜
60%
博多
60%
博多
60%
博多
60%
博多
60%
あずさ 下諏訪 4.1
59%
富士急ハイランド
59%
安来
59%
岡谷
58%
しおかぜ 宇多津 2.6
58%
いしづち 宇多津 2.6
58%
モーニングEXP高松 宇多津 2.6
58%
南風 宇多津 2.6
58%
やくも 伯耆大山 4.8
56%
スーパーまつかぜ 伯耆大山 4.8
56%
丸亀
56%
丸亀
56%
丸亀
56%
丸亀
56%
宮崎
56%
宮崎
56%
直江津
55%
おおぞら 新得 9.1
54%
とかち 新得 9.1
54%
スーパーいなば 鳥取 10.3
54%
おうめ 河辺 2.6
53%
出雲市 4.8
52%
かささぎ 鳥栖 2.9
52%
新鳥栖
52%
みどり 鳥栖 2.9
52%
新鳥栖
52%
ハウステンボス 鳥栖 2.9
52%
新鳥栖
52%
あかぎ 上尾 3.6
51%
むろと 徳島 1.4
50%
剣山 徳島 3.3
50%
きらめき 吉塚 1.8
50%
ソニック 吉塚 1.8
50%
にちりんシーガイア 吉塚 1.8
50%
吉塚 1.8
50%
鴻巣
49%
桶川
48%
十勝清水
47%
十勝清水
47%
北本 3.6
47%
南紀 松阪 7.9
47%
モーニングEXP松山 新居浜 11.2
45%
女満別
44%
鬼怒川温泉
44%
さざなみ 五井 5.8
44%
松田
44%
多気
44%
山口
44%
宇和島
44%
伊予西条
42%
しらゆき 春日山 2.8
41%
勝浦
41%
法隆寺
41%
こうのとり 三田 3.2
41%
新三田
41%
河津
40%
踊り子 三島 2.0
40%
にちりん 宮崎神宮 2.5
40%
ひゅうが 宮崎神宮 2.5
40%
姉ケ崎
39%
ふじさん 秦野 10.1
39%
きぬがわ 東武ワールドスクウェア 3.9
38%
わかしお 御宿 5.5
38%
サフィール踊り子 伊豆稲取 5.0
38%
郡家
38%
坂町
37%
らくラクやまと 大和小泉 3.2
36%
スーパーおき 湯田温泉 2.4
36%
リレーかもめ 八幡 2.7
36%
九州横断特急 水前寺 0.6
36%
新水前寺
36%
あそ 水前寺 0.6
36%
新水前寺
36%
すずらん 鷲別 1.9
35%
ふじかわ 鰍沢口 3.0
35%
西出雲
35%
黒崎
35%
大雪 美幌 12.0
34%
いなほ 中条 8.9
34%
飯岡
32%
伊那路 本長篠 5.9
32%
三島田町
31%
湯浅
31%
飯塚
31%
かいおう 新飯塚 1.8
30%
うずしお 志度 2.6
29%
姶良
28%
姶良 1.6
28%
市川大門
27%
朝倉
27%
朝倉
27%
オレンジタウン
26%
湯谷温泉
24%
阿波富田
23%
くろしお 藤並 3.4
22%
宇和海 伊予吉田 8.3
19%
きりしま 帖佐 1.6
19%
うきは
17%
重富
16%
ゆふ 筑後吉井 3.6
15%
蔵本
14%
No matching quizzes found
Score Distribution
Percent of People with Each Score
Percentile by Number Answered
Your Score History
You have not taken this quiz